00647nam a2200205Ia 4500003000400000005001700004008004100021020001800062040001800080041000800098082002400106100002100130245010300151250001200254260005000266300001900316650004700335650004000382700001900422OSt20240408111006.0210716s2011 xx 000 0 und d a9781420090543 cAIMIT LIBRARY aeng a332.63204 21bMORJ aMorris, James R. aIntroduction to financial models for management and planning /cJames R. Morris and John P. Daley. a1st ed. aChennai :bYes Dee Publishing Pvt Ltd,c2011. axxx,724p.;cPB aTools for financial planning and modeling  aIntroduction to forecasting methods aDaley, John P.